00426nam a2200133Ia 4500008004100000100001800041245008600059245005600145260003700201260000900238300000900247650001400256650002200270170224s9999 xx 000 0 und d aBryan G. Cook 2aA Preliminary Investigation of the Empirical Validity of Study Quality Appraisal  cBryan G. Cook, Danielle N. Dupuis, Asha K. Jitendra bJournal of Learning Disabilities c2017 a50:1 xEducation xSpecial Education